header

Sampling for household-based surveys of child labour (Record no. 119809)

MARC details
000 -LEADER
fixed length control field 01204nam a2200301 a 4500
100 1# - MAIN ENTRY--AUTHOR NAME
Personal name Verma, Vijay.
245 10 - TITLE STATEMENT
Title Sampling for household-based surveys of child labour
260 ## - PUBLICATION, DISTRIBUTION, ETC. (IMPRINT)
Place of publication Geneva :
Name of publisher International Labour Organization,
Year of publication 2008.
300 ## - PHYSICAL DESCRIPTION
Number of Pages viii, 254 p. :
Other physical details ill.
650 #0 - SUBJECT ADDED ENTRY--TOPICAL TERM
Topical Term Child labor
Topical Term Social surveys.
856 40 - ELECTRONIC LOCATION AND ACCESS
Uniform Resource Identifier http://site.ebrary.com/lib/rucke/Doc?id=10512067

No items available.

© 2026 Rongo University
Contact us: librarian | system librarian | Rongo university